000
00243 a2200121 4500
001
76669
082
_a
011 ASR
090
_c
39183
_d
39183
100
_a
ASR
245
_a
Knowledge is power
260
_a
lahore
_b
ASR
_c
1992
300
_a
232 p.
942
_a
NUST-CAE
_k
011 ASR
999
_c
311742
_d
311742